| 000 | 01422cam a2200217 4500 | ||
|---|---|---|---|
| 001 | ABS65624 | ||
| 008 | 020708n2002 000 0 eng u | ||
| 035 | _a(Sirsi) u118744 | ||
| 245 | _aSpoilt for choice | ||
| 260 | _c2002 | ||
| 490 |
_aEstates Gazette _v(0225) 22 June 2002, 138-139(2) |
||
| 520 | _aLooks at the data centre space market and argues that although companies appear to have a large range of options for operators business continuity often means that organisations have mission critical information in a dedicated and remote data centre. This would ensure access to always on power and internet connectivity in the event of a minor power outage or serious disaster. Comments that there is still a problem if the data centre closes or if the operators goes bankrupt. In a standard convenant strength it is likely that only a few operators would pass. There are therefore a growing number of clients whose requirements remain unfulfilled due to lack of choice in the market. For data centre landlords that are financially strong there real opportunities of growth in the market. Includes details of data centres based in the area around Leeds. | ||
| 590 | _aABS | ||
| 650 | _aDATA CENTRE | ||
| 650 | _aINFORMATION AND COMMUNICATION TECHNOLOGY | ||
| 650 | _aPROPERTY SECTOR | ||
| 650 | _aLONDON | ||
| 650 | _aLEEDS | ||
| 690 | _aMANAGEMENT-BUSINESS MANAGEMENT-INFORMATION MANAGEMENT | ||
| 942 | _n0 | ||
| 999 |
_c70689 _d70689 |
||